History Quiz

Random History or Animation Quiz

History on Family Guy Quiz Stats

 Plays Quiz Updated Aug 9, 2017

Support Sporcle.
Go Orange.
Score 0/20 Timer 06:00
0 Plays Today
% Correct
Titanic
99.1%
Golf
95.7%
Vote
95.7%
French
95%
Civil
93.3%
Lincoln
91.4%
Wright
91.1%
Normandy
88.5%
Edison
87.7%
Leonardo da Vinci
86.8%
% Correct
Joan of Arc
85.4%
Picasso
84.7%
Shakespeare
84.6%
Model T
83.2%
Ottoman
79.7%
Henry VIII
73.9%
Ponce de León
70.1%
Delaware River
66.4%
Spartacus
63.8%
Capitol
54.8%

You're not logged in!

Compare scores with friends on all Sporcle quizzes.
OR
Log In
Forgot?

From the Vault

Countries With Two-Colored Flags

by samuraiSTAK

Sporcle Factoid: Red is the most commonly used flag color.
Remove Ads.
Support Sporcle.
Get the best of Sporcle when you Go Orange. This ad-free experience offers more features, more stats, and more fun while also helping to support Sporcle. Thank you for becoming a member.

Show Comments

Extras

Top Quizzes Today


Score Distribution

Your Account Isn't Verified!

In order to create a playlist on Sporcle, you need to verify the email address you used during registration. Go to your Sporcle Settings to finish the process.

Report this User

Report this user for behavior that violates our Community Guidelines.

Details: